000 00253nam a22001217a 4500
008 180917b xxu||||| |||| 00| 0 eng d
041 _aeng
080 _a617
100 _a6
101 _aANE
245 _aAnesthesiology
_cGreene.n.M
942 _2udc
_cBK
999 _c47869
_d47869